=LDR 00000nam 2200000 4500 =001 INLIS000000000036381 =005 20130612142154 =008 ***********************************Ind** =035 ##$$0010-061300000036381 =041 ##$$a Ind =082 ##$$a 794.8 =090 ##$$a 794.8, Lee g =100 ##$$a Lee, Christopher =245 ##$$a Game terbaik ipad, Christopher lee ; editor, Windy Yoesvestian =260 ##$$a 2011 $b Jakarta =300 ##$$a xi, 182 hlm, ilus, 24 cm =650 ##$$a Games-Komputer =850 ##$$a NBPNMAT